000 00690nam a2200229Ia 4500
003 GCL
008 140319s9999 xx 000 0 ara d
040 _aGCL /
_cGCL
082 0 4 _a330.9053
_bح ت
100 1 _aحسين شريف
245 1 0 _aالتحدى اليابانى فى التسعينات /
_cحسين شريف
260 _a[S.N] :
_bمكتبة مدبولى ،
_c1993
300 _a338 ص
490 _a
650 0 4 _aالاحوال الاجتماعية
650 0 4 _aالاتحاد السوفيتى
650 0 4 _aالاحوال السياسية
650 0 4 _aاليابان
650 0 4 _aالاحوال الاقتصادية
650 0 4 _aاسيا
942 _2ddc
_cBK
999 _c30451
_d30451